Szent-Györgyi Albert

Elmentve itt :
Bibliográfiai részletek
Dokumentumtípus: Cikk
Megjelent: 1937-11-19
Sorozat:Esti Kurír 15 No. 263
Kulcsszavak:Szent-Györgyi Albert, Nobel-díj
Online Access:http://misc.bibl.u-szeged.hu/72146
LEADER 00555nab a2200169 i 4500
001 misc72146
005 20240116151307.0
008 240116s1937 hu o 000 hun d
040 |a SZTE Miscellanea Repozitórium  |b hun 
041 |a hun 
245 0 0 |a Szent-Györgyi Albert  |h [elektronikus dokumentum] 
260 |c 1937-11-19 
300 |a 7 
490 0 |a Esti Kurír  |v 15 No. 263 
561 |a Szent-Györgyi Albertről szóló irodalom 
695 |a Szent-Györgyi Albert, Nobel-díj 
856 4 0 |u http://misc.bibl.u-szeged.hu/72146/1/szgya_1937_134.pdf  |z Dokumentum-elérés